Sampling opinions : an analysis of survey procedure / (Record no. 34574)
[ view plain ]
| 000 -LEADER | |
|---|---|
| fixed length control field | 00971cam a22002892 4500 |
| 001 - CONTROL NUMBER | |
| control field | 34574 |
| 003 - CONTROL NUMBER IDENTIFIER | |
| rucl marc code | BD-RjUL |
| 005 - DATE AND TIME OF LATEST TRANSACTION | |
| control field | 20211209052200.0 |
| 008 - FIXED-LENGTH DATA ELEMENTS--GENERAL INFORMATION | |
| fixed length control field | 140518r19651963nyua b 001 0 eng d |
| 035 ## - SYSTEM CONTROL NUMBER | |
| System control number | (BD-RjUL)34668 |
| 040 ## - CATALOGING SOURCE | |
| Original cataloging agency | DLC |
| Transcribing agency | WSU |
| Modifying agency | SER |
| -- | EQO |
| -- | BD-RjUL |
| Language of cataloging | eng |
| 041 ## - LANGUAGE CODE | |
| Language code of text/sound track or separate title | eng |
| 082 04 - DEWEY DECIMAL CLASSIFICATION NUMBER | |
| Classification number | 301.154 |
| Author mark and year | STS 1965 |
| 100 1# - MAIN ENTRY--PERSONAL NAME | |
| Personal name | Stephan, Frederick Franklin, |
| Dates associated with a name | 1903- |
| 9 (RLIN) | 105175 |
| 245 10 - TITLE STATEMENT | |
| Title | Sampling opinions : an analysis of survey procedure / |
| Statement of responsibility, etc. | by Frederick F. Stephan and Phillip J. McCarthy. |
| 260 ## - PUBLICATION, DISTRIBUTION, ETC. (IMPRINT) | |
| Place of publication, distribution, etc. | New York : |
| Name of publisher, distributor, etc. | Wiley, |
| Date of publication, distribution, etc. | 1958 [printing 1965]. |
| 300 ## - PHYSICAL DESCRIPTION | |
| Pagination | 451 p. : |
| Illustrations | ill. ; |
| Size | 24 cm. |
| 490 1# - SERIES STATEMENT | |
| Series statement | Wiley publications in statistics |
| 504 ## - BIBLIOGRAPHY, ETC. NOTE | |
| Bibliography, etc | Includes bibliographical reference and index. |
| 650 #0 - SUBJECT ADDED ENTRY--TOPICAL TERM | |
| Topical term or geographic name as entry element | Public opinion polls. |
| 9 (RLIN) | 48141 |
| Topical term or geographic name as entry element | Sampling (Statistics) |
| 9 (RLIN) | 105176 |
| 700 1# - ADDED ENTRY--PERSONAL NAME | |
| Personal name | McCarthy, Philip J. |
| 830 10 - SERIES ADDED ENTRY--UNIFORM TITLE | |
| Uniform title | Wiley publications in statistics |
| 942 ## - ADDED ENTRY ELEMENTS (KOHA) | |
| Source of classification or shelving scheme | Dewey Decimal Classification |
| Koha item type | Books |
| Lost status | Source of classification or shelving scheme | Damaged status | Not for loan | Collection code | Permanent Location | Current Location | Shelving location | Date acquired | Source of acquisition | Cost, normal purchase price | Total Checkouts | Full call number | Date last seen | Copy number | Koha item type |
|---|---|---|---|---|---|---|---|---|---|---|---|---|---|---|---|
| Dewey Decimal Classification | Non-fiction | Central Library, University of Rajshahi | Central Library, University of Rajshahi | 21/12/1967 | National Book Agency | 24.00 | 301.154 STS 1965 | 18/05/2014 | C-2 | Books | |||||
| Dewey Decimal Classification | Non-fiction | Central Library, University of Rajshahi | Central Library, University of Rajshahi | 24/11/1965 | Zeitlinger | 19.00 | 301.154 STS 1963 | 19/05/2014 | C-3 | Books | |||||
| Dewey Decimal Classification | Not For Loan | Non-fiction | Central Library, University of Rajshahi | Central Library, University of Rajshahi | Reading Room | 24/06/1963 | Zetlinger | 94.00 | 301.154 STS 1965 | 27/03/2017 | C-1 | Books |